| 000 -ლიდერი |
| ფიქსირებული სიგრძის საკონტროლო ველი |
01290nam a2200289Ia 4500 |
| 001 - საკონტროლო ნომერი |
| საკონტროლო ველი |
21376 |
| 003 - საკონტროლო ნომრის იდენტიფიკატორი |
| საკონტროლო ველი |
GE_BSU |
| 005 - ბოლო ოპერაციის თარიღი და დრო |
| საკონტროლო ველი |
20211103162556.0 |
| 008 - ფიქსირებული სიგრძის მონაცემთა ელემენტები - ზოგადი ინფორმაცია |
| ფიქსირებული სიგრძის საკონტროლო ველი |
181216s2013||||ge |||||||||||||| ||geo|| |
| 020 ## - წიგნის საერთაშორისო სტანდარტული ნომერი |
| International Standard Book Number |
9789941442513 |
| 040 ## - კატალოგიზაციის წყარო |
| Transcribing agency |
GE_BSU |
| 041 ## - ენის კოდი |
| Language code of text/sound track or separate title |
geo |
| 080 ## - უნივერსალური ათობითი კლასიფიკაციის ინდექსი |
| Universal Decimal Classification number |
338.124.4 ლ-89 |
| 100 ## - მთავარი ჩანაწერი - პიროვნების სახელი |
| Personal name |
ლუისი, მაიკლ |
| 9 (RLIN) |
12805 |
| 245 ## - ცნობა სათაურის შესახებ |
| Title |
ბუმერანგი : მოგზაურობა ახალ მესამე სამყაროში = Boomerang : travel in the third world / |
| Statement of responsibility, etc |
მაიკლ ლუისი ; რედ. გ. აბაშიშვილი ; მთარგმნ. თ. მარგველაშვილი. |
| 264 ## - წარმოების, გამოცემის, დისტრიბუციის და სხვა ცნობები |
| გამოცემის, წარმოების, დისტრიბუციის... ადგილი |
თბილისი : |
| გამოცემის, წარმოების, დისტრიბუციის... სახელწოდება |
რადარამი, |
| გამოცემის, წარმოების, დისტრიბუციის... თარიღი |
2013. |
| 300 ## - ფიზიკური აღწერა |
| Extent |
213 გვ. ; |
| Dimensions |
20 სმ. |
| 653 ## - INDEX TERM--UNCONTROLLED |
| Uncontrolled term |
ბუმერანგი |
| 653 ## - INDEX TERM--UNCONTROLLED |
| Uncontrolled term |
მოგზაურობა ახალ მესამე სამყაროში |
| 653 ## - INDEX TERM--UNCONTROLLED |
| Uncontrolled term |
ეკონომიკა |
| 653 ## - INDEX TERM--UNCONTROLLED |
| Uncontrolled term |
Boomerang |
| 653 ## - INDEX TERM--UNCONTROLLED |
| Uncontrolled term |
travel in the third world |
| 700 ## - ADDED ENTRY--PERSONAL NAME |
| Personal name |
აბაშიშვილი, გ. |
| Relator term |
რედაქტორი |
| 9 (RLIN) |
12806 |
| 700 ## - ADDED ENTRY--PERSONAL NAME |
| Personal name |
მარგველაშვილი, თ. |
| Relator term |
მთარგმნელი |
| 9 (RLIN) |
12807 |
| 942 ## - ADDED ENTRY ELEMENTS (KOHA) |
| Koha item type |
წიგნი |
| Source of classification or shelving scheme |
|